Statistiques concernant Les 100 plus grandes agglomérations de France sur une carte

Cliquez ici pour prendre le quiz!

Statistiques générales

  • Ce quiz a été pris 14 121 fois
    (11 983 depuis la dernière actualisation)
  • Le résultat moyen est 47 sur 100

Réponses sur la Carte

Les réponses sont colorées sur une échelle allant du rouge au vert en fonction du pourcentage des utilisateurs qui les ont devinées à leur premier essai. Vous pouvez retrouver ces pourcentages ci-dessous.
 

Statistiques - réponses

PositionAgglomérationsPopulation% Correct
1Paris10 896 433
99%
3Marseille - Aix-en-Provence1 625 845
98%
5Lille1 058 439
97%
2Lyon1 702 921
97%
6Bordeaux1 008 509
96%
7Nice962 697
94%
11Strasbourg487 063
94%
4Toulouse1 063 235
94%
8Nantes677 080
91%
36Brest203 750
89%
17Rennes371 464
89%
13Montpellier473 092
86%
76Ajaccio85 796
83%
27Dijon248 911
80%
24Clermont-Ferrand273 078
76%
30Le Havre231 245
76%
34Perpignan205 183
76%
96Bastia72 167
75%
33Caen210 769
74%
15Grenoble456 057
74%
9Toulon595 715
73%
21Metz291 207
72%
22Orléans287 541
71%
16Saint-Étienne374 643
71%
32Reims214 889
70%
12Rouen475 035
69%
40Saint-Denis189 109
69%
51La Rochelle138 236
68%
23Nancy285 983
67%
18Tours364 389
67%
28Angers248 271
66%
47Amiens164 332
64%
48Dunkerque162 146
64%
43Nîmes183 327
61%
35Pau204 037
60%
31Le Mans222 465
59%
41Limoges185 703
58%
42Annecy183 697
57%
54Poitiers134 397
57%
59Lorient123 645
56%
73Calais92 172
55%
25Bayonne263 704
54%
10Douai - Lens505 839
54%
55Valence132 295
54%
91Quimper76 408
53%
14Avignon462 747
52%
29Mulhouse245 309
51%
50Troyes139 611
48%
49Besançon141 245
47%
60Fort-de-France114 896
45%
80Vannes81 516
45%
58Cayenne125 552
44%
85Cherbourg-en-Cotentin80 762
43%
70Colmar94 829
42%
77Bourges84 691
39%
37Chambéry198 882
38%
69Béziers95 786
36%
95Niort73 665
36%
100Menton69 134
35%
62Angoulême109 558
32%
68Saint-Brieuc96 268
32%
39Saint-Nazaire190 847
32%
20Valenciennes333 383
32%
75Arras88 883
31%
74Chartres88 891
31%
44Nouméa182 341
31%
94Albi73 911
30%
86Agen80 711
29%
90Belfort77 432
29%
89Chalon-sur-Saône79 472
29%
78Boulogne-sur-Mer84 013
28%
83Montauban80 960
28%
64Mamoudzou103 593
27%
26Pointe-à-Pitre - Les Abymes251 525
27%
46Saint-Pierre173 125
26%
87Tarbes80 362
26%
92Brive-la-Gaillarde76 144
22%
45Saint-Paul173 821
19%
71Sète94 088
19%
65Fréjus101 227
18%
99La Teste-de-Buch - Arcachon69 218
16%
53Papeete137 030
15%
97Compiègne71 168
14%
61Montbéliard112 810
14%
66Alès100 775
13%
38Annemasse196 107
13%
79Meaux81 938
13%
84Roanne80 810
13%
67Vienne98 318
12%
52Thionville137 498
11%
19Béthune355 671
10%
81Thonon-les-Bains81 502
10%
57Creil126 719
9%
63Maubeuge109 457
9%
98Draguignan70 578
8%
82Forbach81 155
7%
93Saint-Omer74 149
7%
88Armentières80 047
3%
72Cluses92 832
2%
56Le Robert129 846
2%

Distribution des résultats

Percentile par nombre de réponses

% des personnes avec chaque résultat

Votre développement - résultats

Vous n’avez pas pris ce quiz depuis la dernière actualisation